Analýza finančnej situácie vybraného podniku pomocou štatistických metód diplomová práca

Gespeichert in:
Bibliographische Detailangaben
1. Verfasser: Heribanová, Kristína
Körperschaft: Fakulta hospodárskej informatiky EU. Katedra štatistiky
Weitere Verfasser: Bolgáč, Ján, 1959-
Format: Buch
Sprache:Slowakisch
Veröffentlicht: Bratislava 2011
Tags: Tag hinzufügen
Keine Tags, Fügen Sie das erste Tag hinzu!

MARC

LEADER 00000nbm a2200000 4500
001 0140926
005 20161109102000.2
041 0 |a slo 
044 |a SK 
245 1 0 |a Analýza finančnej situácie vybraného podniku pomocou štatistických metód  |b diplomová práca  |c Kristína Heribanová ; školiteľ: Ján Bolgáč 
264 1 |a Bratislava  |c 2011 
300 |a 76 s. 
100 1 |a Heribanová, Kristína 
700 1 |a Bolgáč, Ján, 1959- 
710 2 |a Fakulta hospodárskej informatiky EU. Katedra štatistiky